El cuerpo y la educación /

Detalles Bibliográficos
Autor principal: Le Breton, David 1953-
Formato: Libro
Lenguaje:inglés

MARC

LEADER 00000cam a2200000 a 4500
001 040157
003 UAHC_CL
005 20170803124425.0
008 060714b xx j 000 1 eng
040 |a UAHC_CL  |c UAHC_CL  |d UAHC_CL 
100 1 |a Le Breton, David  |d 1953- 
245 1 3 |a El cuerpo y la educación /  |c David Le Breton. 
500 |a Revista Complutense de Educación. --Vol. 11, Nº2 (2000) pp. 35-42. 
900 |a REV. COMPLUT. EDUC.-02/00 
942 |c BK 
999 |c 40157  |d 40157